| 000 | 00789nam a2200217 a 4500 | ||
|---|---|---|---|
| 003 | CBULib | ||
| 005 | 20250714110805.0 | ||
| 008 | 100512s2009 ||||||||||||||||| || u | ||
| 040 |
_aCBULib _bEnglish _cCBULib _erda |
||
| 041 | _aeng | ||
| 050 | _aCBU(058)MT/2009 | ||
| 110 | _aThe Copperbelt University(CBU) | ||
| 245 | 1 | 0 |
_aCopperbelt University Medical Trust: annual report : submitted to the 17th annual general meeting : 2009 _c/ by The Copperbelt University(CBU) |
| 260 |
_aKitwe : _bCopperbelt University Medical Trust (CBUMT), _c2009. |
||
| 300 | _a38 pages : illustrations | ||
| 336 |
_2rdacontent _aText | _btxt |
||
| 337 |
_2rdamedia _aUnmediated | _bn |
||
| 338 |
_2rdacarrier _aVolume _bnc |
||
| 650 | _aCOPPERBELT UNIVERSITY MEDICAL TRUST--ANNUAL REPORT | ||
| 942 |
_2mc _c030 |
||
| 999 |
_c62497 _d62497 |
||